000 00641nam a2200205 u 4500
005 20240228063929.0
008 080522s2007 r 000 0 eng d
020 _a1404272143
035 _aUPN01000156165
049 _aI
050 4 _aPZ71
_bCH3.3
100 1 _aChapman, Joan
_931963
245 1 3 _aLa crayola está triste /
_cJoan Chapman ; tr. María Cristina Brusca.
260 _aNew York :
_bRosen Classroom Books & Materials,
_c2007.
300 _a16 p. :
_bprincipalmente il. col.
440 0 _aLecturas del barrio.
_pPerspectiva
650 4 _aLibros y lectura para niños
_92290
650 4 _aCOLORES
_96786
905 _aInfantil
999 _c128279
_d128279